Normal view
MARC view
- Milton Ohring
Entry Personal Name
001 - CONTROL NUMBER
- control field: 53999
003 - CONTROL NUMBER IDENTIFIER
- control field: NUST
005 - DATE AND TIME OF LATEST TRANSACTION
- control field: 20210421115852.0
008 - FIXED-LENGTH DATA ELEMENTS
- fixed length control field: 210421|| aca||aabn | a|a d
040 ## - CATALOGING SOURCE
- Original cataloging agency: NUST
- Transcribing agency: NUST
100 ## - HEADING--PERSONAL NAME
- Personal name: Milton Ohring
670 ## - SOURCE DATA FOUND
- Source citation: Work cat.: (NUST): Milton Ohring, Materials Science of Thin Films, 2002
